[Event "IECC CL8-2001.14"]
[Site "IECC email"]
[Date "2001.06.08"]
[Round "?"]
[White "Hintze, Russell P"]
[Black "Lowe, Clay"]
[Result "1-0"]
[WhiteElo "980"]
[BlackElo "1008"]
[PlyCount "75"]
[EventDate "2001.??.??"]
[EventType "tourn (corr)"]
[EventRounds "4"]
[SourceTitle "Corr 2008"]
[Source "ChessBase"]
[SourceDate "2008.06.24"]
[SourceVersion "1"]
[SourceVersionDate "2008.06.24"]
[SourceQuality "1"]

1. c4 e5 2. Nc3 Nf6 3. g3 Bc5 4. Bg2 Nc6 5. Nf3 0-0 6. 0-0 e4 7. Ng5 d5 8. d3 d4 9. Ngxe4 dxc3 10. Nxc5 b6 11. Ne4 cxb2 12. Bxb2 Nxe4 13. dxe4 Rb8 14. Qd5 Bb7 15. Rad1 Qe7 16. Rd3 Nb4 17. Qd4 f6 18. Ba3 Rbd8 19. Qc3 Rxd3 20. Qxd3 Nxd3 21. Bxe7 Rf7 22. exd3 Rxe7 23. f3 a6 24. a4 c6 25. Rb1 Re5 26. Rxb6 Re7 27. c5 g6 28. d4 f5 29. e5 g5 30. Bf1 a5 31. Ba6 Ba8 32. Rb8+ Kg7 33. Rxa8 Rf7 34. Bc4 Rd7 35. Rg8+ Kh6 36. e6 Rg7 37. Rxg7 Kxg7 38. e7 1-0